000 00406nam a2200157Ia 4500
008 230312s9999||||xx |||||||||||||| ||und||
020 _a9788120337763
082 _a621
_bSAW-F
100 _aSawhney,G.S
245 0 _aFundamentals of Mechanicals Engineering
260 _bPHI Learning Pvt Ltd
_aIndia
_c2009
300 _a827
546 _aEng.
650 _aEngineering
_vConcepts and Zeroth
942 _cBK
999 _c6235
_d6235